| 000 | 00636nam a2200205Ia 4500 | ||
|---|---|---|---|
| 003 | IN-BaIIA | ||
| 008 | 211028s9999 xx 000 0 eng d | ||
| 020 | _a0-521-65937-X | ||
| 040 | _cIIA Library | ||
| 080 |
_a524.3-54 _bPRI |
||
| 100 |
_aPrialnik, D _924277 |
||
| 245 | 3 |
_aAn introduction to the theory of stellar structure and evolution _cD. Prialnik |
|
| 260 |
_aCambridge _bCambridge University Press _c2000 |
||
| 300 | _axiii, 261p. | ||
| 650 | _aStars | ||
| 650 |
_aStars - evolution _910853 |
||
| 650 |
_aStars - structure _924278 |
||
| 650 |
_aStellar _95655 |
||
| 942 | _cBK | ||
| 999 |
_c13829 _d13829 |
||